LEADER 00993cam0-22003491i-450- 001 990006090210403321 005 20090309130850.0 010 $a88-7219-002-9 035 $a000609021 035 $aFED01000609021 035 $a(Aleph)000609021FED01 035 $a000609021 100 $a20000112d1991----km-y0itay50------ba 101 0 $aita 102 $aIT 105 $ay---n---001yy 200 1 $aLibertà ed eguaglianza$fF. Forte ... [et al.]$ga cura di Sebastiano Maffettone 210 $aTorino$cLa Rosa$d1991 215 $a151 p.$d17 cm 225 1 $aStudi della Fondazione Rosselli$v3 676 $a323.44$v21$zita 702 1$aForte,$bFrancesco$f<1929- > 702 1$aMaffettone,$bSebastiano$f<1948- > 801 0$aIT$bUNINA$gRICA$2UNIMARC 901 $aBK 912 $a990006090210403321 952 $aI E 269$b18312*$fFGBC 952 $aCOLLEZ. 1520 (3)$b21477$fFSPBC 959 $aFGBC 959 $aFSPBC 996 $aLibertà ed eguaglianza$9576885 997 $aUNINA LEADER 01867oam 2200541 450 001 9910712025203321 005 20190410102218.0 035 $a(CKB)5470000002489853 035 $a(OCoLC)961332709 035 $a(EXLCZ)995470000002489853 100 $a20161028d1955 ua 0 101 0 $aeng 135 $aur||||||||||| 181 $ctxt$2rdacontent 182 $cc$2rdamedia 183 $acr$2rdacarrier 200 10$aSurface water supply of the United States, 1953$hPart 2-B$iSouth Atlantic slope and eastern Gulf of Mexico basins, Ogeechee River to Peal River /$fprepared under the direction of J.V.B. Wells 210 1$a[Washington, D.C.] :$cUnited States Department of the Interior, Geological Survey,$d1955. 210 2$aWashington :$cUnited States Government Printing Office. 215 $a1 online resource (ix, 214 pages) $cillustrations, map 225 1 $aGeological Survey water-supply paper ;$v1274 300 $a"Prepared in cooperation with the States of Alabama, Florida, Georgia, Louisiana, Mississippi, and other agencies." 300 $aIncludes index. 606 $aWater-supply$zMexico, Gulf of 606 $aWater-supply$zSouthern States 606 $aWater-supply$2fast 607 $aOgeechee River (Ga.) 607 $aGulf of Mexico$2fast 607 $aSouthern States$2fast 615 0$aWater-supply 615 0$aWater-supply 615 7$aWater-supply. 700 $aWells$b J. V. B.$01385991 712 02$aGeological Survey (U.S.), 712 02$aAlabama. 712 02$aFlorida. 712 02$aGeorgia. 712 02$aLouisiana. 712 02$aMississippi. 801 0$bCOP 801 1$bCOP 801 2$bOCLCO 801 2$bOCLCF 801 2$bGPO 906 $aBOOK 912 $a9910712025203321 996 $aSurface water supply of the United States, 1953$93455534 997 $aUNINA